| 000 | 00680nam a22001817a 4500 | ||
|---|---|---|---|
| 003 | BD-DhUL | ||
| 005 | 20160906192710.0 | ||
| 008 | 160905s2004 b ||||| |||| 00| 0 ben | ||
| 040 |
_aBD-DhUL _cBD-DhUL |
||
| 082 |
_a954.14 _bISP |
||
| 100 | 1 | _aইসলাম, কাবেদুল | |
| 245 | 1 | 0 |
_aপ্রাচীন বাংলার জনপদ ও জনজাতিগোষ্ঠী _cকাবেদুল ইসলাম |
| 260 |
_aঢাকা : _bউত্তরণ, _c২০০৪. |
||
| 300 |
_a ২৩২ পৃ. ; _c ২২ সেমি |
||
| 650 | _aবাংলাদেশ - ইতিহাস | ||
| 650 | _aBangladesh - History | ||
| 942 |
_2ddc _cBK |
||
| 999 |
_c104524 _d104524 |
||